[Event "Medellin Flores op 23rd"]
[Site "Medellin"]
[Date "2016.08.06"]
[Round "7"]
[White "Pulgarin, Jorge Julian"]
[Black "Velez Alvarez, Laura Camila"]
[Result "1-0"]
[WhiteElo "1676"]
[BlackElo "1907"]
[PlyCount "47"]
[EventDate "2016.08.03"]
[EventType "swiss"]
[EventRounds "9"]
[EventCountry "COL"]
[SourceTitle "CBM 173 Extra"]
[Source "ChessBase"]
[SourceDate "2016.08.29"]
[SourceVersion "1"]
[SourceVersionDate "2016.08.29"]
[SourceQuality "1"]

1. e4 c6 2. d4 d5 3. Nc3 dxe4 4. Nxe4 Nd7 5. Ng5 e6 6. Bd3 Ngf6 7. N1f3 Be7 8. Qe2 Nb6 9. c4 h6 10. Ne4 0-0 11. Bf4 Re8 12. 0-0-0 Na4 13. Ne5 Qa5 14. Nxf6+ Bxf6 15. Qh5 Bxe5 16. dxe5 Qb4 17. Rd2 Nc5 18. Bxh6 Nxd3+ 19. Rxd3 Qxc4+ 20. Rc3 Qxa2 21. Qg5 Qa1+ 22. Kc2 Qa4+ 23. Kd2 Qd4+ 24. Kc1 1-0

[Event "Medellin Flores op 23rd"]
[Site "Medellin"]
[Date "2016.08.04"]
[Round "2"]
[White "Cardoso Cardoso, Jose Gabriel"]
[Black "Pulgarin, Jorge Julian"]
[Result "1-0"]
[WhiteElo "2006"]
[BlackElo "1676"]
[PlyCount "56"]
[EventDate "2016.08.03"]
[EventType "swiss"]
[EventRounds "9"]
[EventCountry "COL"]
[SourceTitle "CBM 173 Extra"]
[Source "ChessBase"]
[SourceDate "2016.08.29"]
[SourceVersion "1"]
[SourceVersionDate "2016.08.29"]
[SourceQuality "1"]

1. d4 f5 2. c4 e6 3. Nf3 Nf6 4. Nc3 Bb4 5. g3 0-0 6. Bg2 d6 7. 0-0 Bxc3 8. bxc3 Qe8 9. Qb3 Nbd7 10. c5 d5 11. Bf4 Qd8 12. c4 h6 13. Rfd1 g5 14. Be5 c6 15. Bd6 Rf7 16. Ne5 Rh7 17. Qc2 Nf8 18. f3 Ne8 19. Bxf8 Kxf8 20. e4 Nf6 21. cxd5 cxd5 22. exf5 exf5 23. Bh3 f4 24. Bxc8 Qxc8 25. Qg6 Qd8 26. Ng4 Nxg4 27. Qxh7 Ne3 28. Qxh6+ Kg8 1-0